BUBT Library Online Catalog

সাংবিধানিক আইন : (Record no. 3133)

000 -LEADER
fixed length control field 00740nam a2200205Ia 4500
003 - CONTROL NUMBER IDENTIFIER
control field BUBTL
008 - FIXED-LENGTH DATA ELEMENTS--GENERAL INFORMATION
fixed length control field 151213s9999 xx 000 0 und d
020 ## - INTERNATIONAL STANDARD BOOK NUMBER
International Standard Book Number 9843212509
082 ## - DEWEY DECIMAL CLASSIFICATION NUMBER
Classification number 342/ Sh139s/ 2005
100 ## - MAIN ENTRY--PERSONAL NAME
Personal name শহীদ, এম. শহীদুল ইসলাম
9 (RLIN) 4788
245 ## - TITLE STATEMENT
Title সাংবিধানিক আইন :
Statement of responsibility, etc. এম. শহীদুল ইসলাম শহীদ
250 ## - EDITION STATEMENT
Edition statement 1st
260 ## - PUBLICATION, DISTRIBUTION, ETC. (IMPRINT)
Place of publication, distribution, etc. Dhaka
Name of publisher, distributor, etc. ধান সিড়ি ’ল’ বৃুক সেন্টার
Date of publication, distribution, etc. c2005
300 ## - PHYSICAL DESCRIPTION
Extent 411p. :
Other physical details 21 cm
650 ## - SUBJECT ADDED ENTRY--TOPICAL TERM
Topical term or geographic name as entry element Law
700 ## - ADDED ENTRY--PERSONAL NAME
Personal name এম. শহীদুল ইসলাম শহীদ
9 (RLIN) 4789
856 ## - ELECTRONIC LOCATION AND ACCESS
Password 0
Logon 0
Link text Download
942 ## - ADDED ENTRY ELEMENTS (KOHA)
Source of classification or shelving scheme
Koha item type Books
Holdings
Withdrawn status Lost status Source of classification or shelving scheme Damaged status Not for loan Collection code Permanent location Current location Shelving location Date acquired Source of acquisition Inventory number Total Checkouts Full call number Barcode Date last seen Copy number Price effective from Koha item type
        Not For Loan Non-fiction Bangladesh University of Business and Technology Library Bangladesh University of Business and Technology Library Law Stacks 01/26/2008 Purchase 5068   342/ Sh139s/ 2005 BUBTL-20035068 10/24/2022 C-1 10/24/2022 Books

More Information About Library

Library Hours

  • Open: 9.00 am. to 9.00 pm.
  • Only Sunday: 9.00 am. to 6.00 pm.
  • Closed: Holiday

Contact to the University

Bangladesh University of Business and Technology Library

  • Mirpurl-2, 1216.
  • Phone:
  • Fax:
  • E-Mail: admin.library@bubt.edu.bd

Contact to the Library

Contact Person:

Md. Abdul Hakim Shah
Joint Librarian
PABX No:  113
Cell No: 01816332931
E-mail: official: admin.library@bubt.edu.bd
Personal: hakim.shah@bubt.edu.bd


BUBT Library

Copyright © 2021